Con solo una sonrisa - Melendi - Estadísticas

Estadísticas generales
  • Esta prueba ha sido intentada 38 veces
  • La puntuación promedio es 222 de 247
Estadísticas de respuestas
Hint Respuesta % Correcto
a
100%
con
100%
Con
100%
de
100%
el
100%
la
100%
lo
100%
loca
100%
mi
100%
se
100%
tu
100%
Estribillo Tu
100%
100%
vi
100%
cabeza
95%
como
95%
en
95%
es
95%
los
95%
mirada
95%
ojos
95%
para
95%
por
95%
que
95%
solo
95%
sonrisa
95%
una
95%
volvió
95%
Y
95%
y
95%
Yo
95%
yo
95%
bajo
89%
boca
89%
busco
89%
conmigo
89%
Desnúdame
89%
entre
89%
estará
89%
fui
89%
gente
89%
guardas
89%
llena
89%
luna
89%
mía
89%
olvídate
89%
parar
89%
piensas
89%
sabes
89%
ser
89%
siempre
89%
sientes
89%
Tan
89%
te
89%
tiempo
89%
todo
89%
viento
89%
alma
84%
Ay
84%
color
84%
dientes
84%
dulce
84%
hombre
84%
llave
84%
llegar
84%
no
84%
No
84%
palabras
84%
perdición
84%
porque
84%
poseer
84%
quisiera
84%
sufres
84%
sufro
84%
vida
84%
absurda
79%
del
79%
desgarran
79%
escapa
79%
juega
79%
junto
79%
alegria
74%
dar
74%
hechizante
74%
quiéreme
74%
rompo
74%
bar
68%
barra
68%
calor
68%
llorar
68%
pueda
68%
voy
68%
busques
63%
daba
63%
más
63%
podía
63%
primera
63%
también
63%
vez
63%
aprendí
58%
Donde
58%
soñando
32%
No se encontraron pruebas coincidentes
Distribución de puntuación
Porcentaje de gente con cada puntuación
Porcentaje por número respondido
Historial de tus puntuaciones
No has intentado esta prueba.